000 01145namaa22003131i 4500
005 20260607131518.0
008 260607s1994 ua a|||frm||| 000 0 eng d
040 _aEG-GICUC
_beng
_cEG-GICUC
_dEG-GICUC
_erda
041 0 _aeng
_beng
_bara
049 _aDeposit
097 _aM.Sc
099 _aCai01.11.24.M.Sc.1994.Do.H
100 0 _aDoaa R. Mohamed,
_epreparation.
245 1 0 _aHolmium Laser /
_cBy Doaa R. Mohamed ; Supervisors Prof. Dr. Osama A. El Hofy, Prof. Dr. Hossam El Din H. Amis
_bRemainder of title /
246 1 5 _aالهولميوم ليزر
264 0 _c1994.
300 _a76 Leaves
_billustrations
_c30 cm. +
336 _2rda content
_atext
337 _2rdamedia
_aUnmediated
338 _2rdacarrier
_avolume
502 _aThesis (M.Sc.)-Cairo University, 1994
504 _aBibliography: pages 68-76
653 0 _aHolmium Laser
700 0 _aOsama A. El Hofy
_ethesis advisor.
700 0 _aHossam El Din H. Amis
_ethesis advisor.
900 _DDepartment of OPhtalmology
_FFaculty of Medicine
_UCairo University
_b1994
_cOsama A. El Hofy
_cHossam El Din H. Amis
905 _aNehad
942 _2ddc
_cTH
_e21
_n0
999 _c180403